[Event "AUTO-ELITE-2520"]
[Site "http://www.queenalice.com/game.php?id=1830293"]
[Date "2024.1.27"]
[Round "1"]
[White "Ahlkhanvio"]
[Black "acid"]
[Result "1/2-1/2"]
[WhiteElo "2614"]
[BlackElo "2767"]

1. d4 Nf6 2. Bg5 d5 3. Bxf6 exf6 4. e3 Bd6 5. g3 Nd7 6. Bg2 Nb6 7. b3 O-O 8. Ne2
c6 9. Nd2 Be6 10. O-O h5 11. Rc1 Ba3 12. Rb1 Bf5 13. Nf4 g6 14. Bh3 Bxh3 15.
Nxh3 Bd6 16. c4 Bc7 17. Kg2 Re8 18. Qf3 Kg7 19. Rbc1 h4 20. Nf4 Rh8 21. cxd5
Nxd5 22. Nxd5 cxd5 23. Rc5 hxg3 24. hxg3 Qd7 25. Rh1 Rxh1 26. Kxh1 Rh8+ 27. Kg1
Rh5 28. Qg2 Bb6 29. Rc2 Bd8 30. Nf1 Bb6 31. Nh2 Bd8 32. Nf3 Qg4 33. Rc1 Be7 34.
Nh2 Qd7 35. Qf3 1/2-1/2

[Event "AUTO-ELITE-2520"]
[Site "http://www.queenalice.com/game.php?id=1830294"]
[Date "2024.1.27"]
[Round "1"]
[White "acid"]
[Black "Ahlkhanvio"]
[Result "1/2-1/2"]
[WhiteElo "2747"]
[BlackElo "2606"]

1. d4 d5 2. c4 e6 3. Nc3 Nf6 4. cxd5 exd5 5. Bg5 c6 6. e3 h6 7. Bh4 Be7 8. Bd3
O-O 9. Qc2 Re8 10. Nge2 Nbd7 11. O-O a5 12. h3 Nh5 13. Bxe7 Qxe7 14. Rfe1 Nf8
15. Nf4 Qg5 16. Qd2 Bd7 17. Na4 Rab8 18. Nb6 Bf5 19. h4 Qd8 20. Nxh5 Bxd3 21.
Nxd5 Bg6 22. Ndf4 Qxh4 23. Ng3 Qg5 24. Nh3 Qb5 25. a4 Qb4 26. Qc3 Ne6 27. f4
Qxc3 28. bxc3 Bd3 29. Nf2 Bh7 30. f5 Ng5 31. e4 f6 32. c4 Nf7 33. Nh5 Ng5 34.
Nf4 Kf7 35. Rad1 h5 36. d5 cxd5 37. cxd5 g6 38. Rb1 b6 39. Rbc1 gxf5 40. Rc7+
Re7 41. d6 Rxc7 42. dxc7 Rc8 43. Rc1 fxe4 44. Nd1 Ne6 45. Nd5 e3 46. N1xe3 Bd3
47. Rc6 b5 48. Rc3 bxa4 49. Rxd3 Nxc7 50. Nb6 Re8 51. Nxa4 Ne6 52. Nb6 Ng5 53.
Kh2 Kg6 54. Rc3 Re6 55. Ned5 Re4 56. Rc6 h4 57. Nd7 h3 58. N7xf6 Rd4 59. Ng4+
Kf5 60. gxh3 Ke4 61. Nc3+ Kd3 62. Nf2+ Ke3 63. Kg2 a4 64. Ng4+ Kd3 65. Ne5+ Ke3
66. Nc4+ 1/2-1/2

[Event "Challenge"]
[Site "http://www.queenalice.com/game.php?id=1832967"]
[Date "2024.3.8"]
[Round "-"]
[White "jogo"]
[Black "Ahlkhanvio"]
[Result "0-1"]
[WhiteElo "2119"]
[BlackElo "2613"]

1. e4 c6 2. d4 d5 3. Nc3 dxe4 4. Nxe4 Nf6 5. Nxf6+ exf6 6. Bc4 Bd6 7. Qe2+ Be7
8. c3 O-O 9. Bf4 Re8 10. Qh5 Bd6+ 11. Be3 Be6 12. Bxe6 Rxe6 13. O-O-O Nd7 14.
Ne2 Nb6 15. Nf4 Bxf4 16. Bxf4 Nd5 17. Bd2 Qa5 18. c4 Qxa2 19. cxd5 cxd5 20. Bc3
Rc8 21. Qf5 Rxc3+ 22. bxc3 Qa3+ 23. Kc2 Re2+ 24. Rd2 Qa2+ 0-1

[Event "Challenge"]
[Site "http://www.queenalice.com/game.php?id=1832968"]
[Date "2024.3.8"]
[Round "-"]
[White "Ahlkhanvio"]
[Black "jogo"]
[Result "1-0"]
[WhiteElo "2617"]
[BlackElo "1882"]

1. d4 Nf6 2. Bg5 Ne4 3. Bf4 c5 4. f3 Nf6 5. dxc5 Qa5+ 6. Qd2 Qxd2+ 7. Nxd2 Nc6
8. e4 Nh5 9. Be3 Nb4 10. Kd1 d6 11. c3 Nc6 12. cxd6 exd6 13. Kc2 Be7 14. Bc4 Ne5
15. Bb5+ Bd7 16. Bxd7+ Nxd7 17. Ne2 O-O 18. Rhd1 Rac8 19. a4 a6 20. a5 h6 21.
Nd4 g6 22. Bxh6 Rfe8 23. g4 Ng7 24. Bf4 g5 25. Bg3 Kh7 26. Nf1 Ne5 27. Ne3 Nc4
28. Nef5 Nxf5 29. Nxf5 Bf8 30. Bxd6 Bxd6 31. Rxd6 Nxd6 32. Nxd6 Rcd8 33. Nxe8
Rxe8 34. Rd1 Re7 35. h4 gxh4 36. Rh1 Kg6 37. Rxh4 Kg5 38. Rh5+ Kf4 39. Rf5+ Ke3
40. b4 Rd7 41. Rd5 Re7 42. Rd3+ Kf4 43. Kb3 Rc7 44. c4 Re7 45. b5 Rc7 46. Kb4 f6
47. c5 axb5 48. Kxb5 Rf7 49. a6 bxa6+ 50. Kxa6 Rf8 51. c6 Ra8+ 52. Kb7 1-0

[Event "AUTO-ELITE-2505"]
[Site "http://www.queenalice.com/game.php?id=1833095"]
[Date "2024.3.10"]
[Round "2"]
[White "trompmaster"]
[Black "Ahlkhanvio"]
[Result "1/2-1/2"]
[WhiteElo "2520"]
[BlackElo "2614"]

1. Nf3 d5 2. c4 e6 3. g3 Nf6 4. Bg2 Be7 5. O-O O-O 6. b3 b6 7. Bb2 Bb7 8. e3
dxc4 9. bxc4 Nbd7 10. Nc3 c5 11. d3 Qc7 12. Nb5 Qc8 13. a4 a6 14. Nc3 Qc7 15.
Ne2 Rfd8 16. Qc2 Rab8 17. Rfd1 Bc6 18. e4 h6 19. Bc3 Ne8 20. Nd2 Bf6 21. f4 Bxc3
22. Qxc3 Nd6 23. Qc2 Nb7 24. Nc3 Nf8 25. Nb3 f6 26. Qf2 Be8 27. Rac1 Bf7 28. Bf3
Na5 29. Nxa5 bxa5 30. Rd2 Rb4 31. Bd1 Ng6 32. Bh5 Kh7 33. Bxg6+ Bxg6 34. f5 exf5
35. exf5 Bf7 36. Ne4 Rd4 37. Ra1 Be8 38. Re1 Bc6 39. Nxc5 Qd6 40. Ne6 Rxd3 41.
Rxd3 Qxd3 42. Qa7 Rb7 43. Qe3 Qxf5 44. Nd4 Qd7 45. Nxc6 Qxc6 46. Qd3+ Kg8 47.
Qd8+ Kh7 48. Qxa5 Qd7 49. Qc3 Qxa4 50. Qd3+ Kh8 51. Qd8+ Kh7 52. Qd3+ Kh8 53.
Qd8+ Kh7 54. Qd3+ Kh8 1/2-1/2

[Event "AUTO-ELITE-2505"]
[Site "http://www.queenalice.com/game.php?id=1833096"]
[Date "2024.3.10"]
[Round "2"]
[White "Ahlkhanvio"]
[Black "trompmaster"]
[Result "1-0"]
[WhiteElo "2611"]
[BlackElo "2502"]

1. d4 d6 2. e4 Nf6 3. f3 e5 4. d5 Be7 5. c4 O-O 6. Be3 Nh5 7. Qd2 h6 8. Ne2 Bg5
9. g4 Bxe3 10. Qxe3 Qh4+ 11. Qf2 Qxf2+ 12. Kxf2 Nf4 13. Nbc3 Ng6 14. h4 a5 15.
Ke3 Na6 16. h5 Ne7 17. Nc1 b6 18. Bd3 Rd8 19. b3 Nc5 20. N1e2 Ba6 21. Ng3 f6 22.
Rab1 Rf8 23. a3 Rfb8 24. Be2 Bb7 25. b4 Nd7 26. Bd1 Kf7 27. Nf5 Nxf5+ 28. gxf5
axb4 29. axb4 Ra3 30. Bb3 Ba6 31. Kd2 b5 32. Rhc1 bxc4 33. Ba4 Bc8 34. Bc6 Ke7
35. Rg1 Kf7 36. Ra1 Rxa1 37. Rxa1 Rxb4 38. Ra7 Nb6 39. Rxc7+ Kf8 40. Nb5 Bd7 41.
Bxd7 Nxd7 42. Nxd6 Nb8 43. Rf7+ Kg8 44. Rb7 Rxb7 45. Nxb7 Nd7 46. Kc3 Nb6 47.
Nd6 Kf8 48. Nxc4 Nd7 49. Kb4 Ke7 50. Kb5 Nb8 51. Kb6 Kd8 52. Kb7 Nd7 53. Kc6
Nb8+ 54. Kd6 Nd7 55. Ke6 Nc5+ 56. Kf7 Nd3 57. Kxg7 1-0

[Event "Challenge"]
[Site "http://www.queenalice.com/game.php?id=1836060"]
[Date "2024.5.1"]
[Round "-"]
[White "jogo"]
[Black "Ahlkhanvio"]
[Result "0-1"]
[WhiteElo "1864"]
[BlackElo "2610"]

1. e4 c6 2. d4 d5 3. Nc3 dxe4 4. Nxe4 Nf6 5. Qd3 Nbd7 6. f4 Nxe4 7. Qxe4 Nf6 8.
Qe3 Bf5 9. Bd3 Nd5 10. Qe2 Bxd3 11. Qxd3 Nb4 12. Qd1 Qxd4 13. Nf3 Qe4+ 14. Kf2
Rd8 15. Qe2 Qxc2 16. Qxc2 Nxc2 17. Rb1 e6 18. Be3 Nxe3 19. Kxe3 Bc5+ 20. Ke2 Ke7
21. b4 Bb6 22. a4 a6 23. a5 Ba7 24. Rhd1 Rxd1 25. Rxd1 Rd8 26. Rxd8 Kxd8 27. Ne5
Ke7 28. Kd3 Bb8 29. g3 Bxe5 30. fxe5 f6 31. Kd4 Kd7 32. Ke4 Kc7 33. exf6 gxf6
34. Kd4 b6 35. axb6+ Kxb6 36. Kc4 a5 37. bxa5+ Kxa5 0-1

[Event "Challenge"]
[Site "http://www.queenalice.com/game.php?id=1836682"]
[Date "2024.5.12"]
[Round "-"]
[White "jogo"]
[Black "Ahlkhanvio"]
[Result "0-1"]
[WhiteElo "1936"]
[BlackElo "2612"]

1. e4 d5 2. exd5 Qxd5 3. Nc3 Qd6 4. d4 Nf6 5. f4 Bg4 6. Nf3 e6 7. Nb5 Qb6 8. a4
a6 9. a5 Qc6 10. Ne5 Bxd1 11. Nxc6 axb5 12. Nxb8 Bxc2 13. Bxb5+ Kd8 14. Nc6+
bxc6 15. Bxc6 Ra6 16. Bb7 Ra7 17. a6 Bb4+ 18. Bd2 Bxd2+ 19. Kxd2 Be4 20. Ke3 Bd5
21. Bxd5 Nxd5+ 22. Ke4 Kd7 23. f5 Rha8 24. fxe6+ Kxe6 25. Rhc1 Rxa6 26. Rxa6+
Rxa6 27. Rc5 c6 28. g4 Rb6 29. Rc2 Kd6 30. Rd2 Rb7 31. Rc2 Re7+ 32. Kf3 Re3+ 33.
Kf2 Re4 34. Rd2 Rxg4 35. Kf3 Rf4+ 36. Kg3 g5 37. Re2 Rxd4 38. Rf2 f6 39. Re2 h5
40. Kf3 Rd3+ 41. Ke4 Re3+ 42. Rxe3 Nxe3 43. Kxe3 Ke5 0-1

[Event "Challenge"]
[Site "http://www.queenalice.com/game.php?id=1837179"]
[Date "2024.5.20"]
[Round "-"]
[White "jogo"]
[Black "Ahlkhanvio"]
[Result "0-1"]
[WhiteElo "1761"]
[BlackElo "2612"]

1. e4 d5 2. exd5 Qxd5 3. Nc3 Qd6 4. d4 Nf6 5. Bb5+ c6 6. Bf1 Bf5 7. g3 e6 8. Bf4
Qb4 9. Rb1 Nd5 10. a3 Nxc3 11. bxc3 Qxc3+ 12. Qd2 Qxd2+ 13. Bxd2 b6 14. Rc1 Bxa3
15. Ra1 Bd6 16. c3 O-O 17. Bg2 Rc8 18. Ne2 Nd7 19. O-O Nf6 20. h3 Be4 21. Bxe4
Nxe4 22. Be3 c5 23. f3 cxd4 24. cxd4 Nxg3 25. Nxg3 Bxg3 26. Kg2 Bh4 27. Rac1 Bf6
28. Rxc8+ Rxc8 29. Rd1 Rd8 30. Rd2 Kf8 31. Kg3 Ke7 32. Ra2 Bxd4 33. Rxa7+ Kf6
34. Bxd4+ Rxd4 35. Rb7 Rb4 36. Rd7 g6 37. f4 Rb1 38. Rb7 b5 39. h4 h5 40. Rb6 b4
41. Rb5 b3 42. Kg2 b2 43. Rb6 Kf5 44. Rb5+ Kg4 45. Rb4 Kxh4 46. f5+ Kg5 47. fxe6
fxe6 48. Rb3 e5 49. Rg3+ Kh6 50. Rb3 e4 0-1

[Event "AUTO-ELITE-2540"]
[Site "http://www.queenalice.com/game.php?id=1837982"]
[Date "2024.6.4"]
[Round "1"]
[White "RaulSoft"]
[Black "Ahlkhanvio"]
[Result "1/2-1/2"]
[WhiteElo "2589"]
[BlackElo "2612"]

1. d4 d5 2. c4 e6 3. cxd5 exd5 4. Bf4 Bd6 5. Bxd6 Qxd6 6. e3 Bf5 7. Bd3 Bxd3 8.
Qxd3 Nd7 9. Ne2 Ngf6 10. O-O c6 11. Nd2 O-O 12. a4 a6 13. h3 Rfe8 14. b4 h6 15.
Rfc1 Qe7 16. Qb3 Nb6 17. Nf4 Ne4 18. Nxe4 Qxe4 19. b5 axb5 20. axb5 Nc4 21. bxc6
bxc6 22. Nd3 Reb8 23. Nc5 Qe7 24. Qd1 Rxa1 25. Rxa1 g6 26. Qa4 Qd6 27. Qa7 Rb6
1/2-1/2

[Event "AUTO-ELITE-2540"]
[Site "http://www.queenalice.com/game.php?id=1837983"]
[Date "2024.6.4"]
[Round "1"]
[White "Ahlkhanvio"]
[Black "RaulSoft"]
[Result "1/2-1/2"]
[WhiteElo "2613"]
[BlackElo "2589"]

1. d4 d5 2. c4 e6 3. Nc3 Nf6 4. Nf3 Bb4 5. Qa4+ Nc6 6. cxd5 exd5 7. Bg5 h6 8.
Bxf6 Qxf6 9. e3 O-O 10. Be2 Be6 11. a3 Bxc3+ 12. bxc3 Ne7 13. O-O Nc8 14. Qa5
Qe7 15. Qb4 Nd6 16. a4 Rfc8 17. Ne5 b6 18. a5 c5 19. Qa3 Qd8 20. axb6 axb6 21.
Qb2 Qc7 22. Rxa8 Rxa8 23. Rb1 c4 24. h3 Ra6 25. Bf3 g6 26. Ra1 Ra5 27. Rb1 Ra6
28. Ra1 Ra5 29. Rb1 Rb5 30. Qa1 Ra5 31. Qb2 1/2-1/2

[Event "AUTO-ELITE-2540"]
[Site "http://www.queenalice.com/game.php?id=1837988"]
[Date "2024.6.4"]
[Round "1"]
[White "raulzampronha"]
[Black "Ahlkhanvio"]
[Result "0-1"]
[WhiteElo "2265"]
[BlackElo "2611"]

1. d4 d5 2. c4 e6 3. Nc3 Nf6 4. cxd5 exd5 5. Bg5 c6 6. e3 Be7 7. Bd3 h6 8. Bf4
O-O 9. Nf3 Bd6 10. Bxd6 Qxd6 11. h3 Re8 12. O-O Nbd7 13. Rb1 Ne4 14. Qc2 Qe7 15.
b4 Nxc3 16. Qxc3 a6 17. a4 Nf6 18. b5 cxb5 19. axb5 a5 20. Rfc1 Be6 21. Ne5 Rec8
22. Qd2 Rxc1+ 23. Rxc1 a4 24. Qa2 a3 25. Qb3 a2 26. Ra1 Qa3 27. Qxa3 Rxa3 28.
Kf1 Ne4 29. Ke1 f6 30. Bxe4 dxe4 0-1

[Event "AUTO-ELITE-2540"]
[Site "http://www.queenalice.com/game.php?id=1837989"]
[Date "2024.6.4"]
[Round "1"]
[White "Ahlkhanvio"]
[Black "raulzampronha"]
[Result "1-0"]
[WhiteElo "2609"]
[BlackElo "2267"]

1. d4 Nf6 2. Bg5 Ne4 3. Bf4 c5 4. f3 Qa5+ 5. c3 Nf6 6. Nd2 cxd4 7. Nb3 Qb6 8.
Qxd4 Qxd4 9. cxd4 e6 10. Rc1 Nc6 11. e4 d5 12. e5 Nd7 13. Bb5 a5 14. a4 Bb4+ 15.
Bd2 Na7 16. Bd3 Nc6 17. Ne2 Nb6 18. Bb5 Bd7 19. Nc5 Bxc5 20. Rxc5 Ke7 21. Bxc6
Bxc6 22. b3 Nd7 23. Rxa5 1-0

[Event "AUTO-ELITE-2520"]
[Site "http://www.queenalice.com/game.php?id=1838630"]
[Date "2024.6.15"]
[Round "2"]
[White "Ahlkhanvio"]
[Black "acid"]
[Result "0-1"]
[WhiteElo "2617"]
[BlackElo "2725"]

1. d4 d5 2. c4 e6 3. Nc3 Nf6 4. Nf3 Bb4 5. Qa4+ Nc6 6. cxd5 exd5 7. Bg5 h6 8.
Bxf6 Qxf6 9. e3 O-O 10. Be2 Rd8 11. O-O Bf8 12. Rac1 Ne7 13. b4 c6 14. Qb3 Ng6
15. b5 Bd6 16. a4 Bg4 17. a5 Qf5 18. bxc6 bxc6 19. Nb1 Qh5 20. Nbd2 Bxh2+ 21.
Nxh2 Bxe2 22. Rfe1 Bb5 23. Nhf3 Rd6 24. Nf1 Qg4 25. N1h2 Qd7 26. Nf1 Rf6 27.
N1h2 Re8 28. Qc2 a6 29. Ra1 Rf5 30. Ra2 Re4 31. Nd2 Re8 32. Ndf3 h5 33. Rc1 Qe6
34. Raa1 h4 35. Ra2 h3 36. g3 Ne7 37. Ne5 f6 38. Nef3 Nc8 39. Nh4 Rg5 40. N2f3
Rh5 41. Qg6 Rh6 42. Qf5 Qe4 43. Qxe4 dxe4 44. Nh2 Nd6 45. Rc5 Kf7 46. Nf5 Nxf5
47. Rxf5 Rb8 48. Rb2 Rhh8 49. Rc5 Ba4 50. Rxb8 Rxb8 51. Rc1 Kg6 52. Nf1 Rb2 0-1

[Event "AUTO-ELITE-2520"]
[Site "http://www.queenalice.com/game.php?id=1838631"]
[Date "2024.6.15"]
[Round "2"]
[White "acid"]
[Black "Ahlkhanvio"]
[Result "1-0"]
[WhiteElo "2720"]
[BlackElo "2618"]

1. e4 c6 2. d4 d5 3. e5 c5 4. Nf3 cxd4 5. Qxd4 Nc6 6. Qf4 e6 7. Nc3 Nb4 8. Bd3
Nxd3+ 9. cxd3 Ne7 10. h4 h5 11. Bd2 Ng6 12. Qg3 Bd7 13. a4 a5 14. Ne2 b5 15.
axb5 Bxb5 16. Ng5 Qb6 17. Nf4 Nxe5 18. O-O Bd6 19. Nfxe6 fxe6 20. Bf4 O-O 21.
Bxe5 Bxe5 22. Qxe5 Rf6 23. Rad1 Raf8 24. Rd2 a4 25. Nf3 Rf5 26. Qd4 Qd6 27. Re1
Bd7 28. Ne5 Be8 29. Rc2 Rf4 30. Qa7 Qb4 31. Ree2 Rxf2 32. Rxf2 Qe1+ 33. Kh2
Qxe5+ 34. g3 Rxf2+ 35. Qxf2 Bg6 36. Qf4 Qe1 37. Qxa4 Qe3 38. Qa3 Bxd3 39. b4 d4
40. Ra2 Kh7 41. Qb3 Qe4 42. Rf2 Qe3 43. Rb2 Qe4 44. b5 Qf5 45. Qb4 e5 46. Qe1
Be4 47. Rf2 Qg6 48. b6 d3 49. Rb2 Bb7 50. Qxe5 Qf7 51. Rd2 Qf3 52. Qe1 Qc6 53.
Qb1 Kh8 54. Qd1 Kg8 55. Qb3+ Kh8 56. Qb1 Qf3 57. Qd1 Qe3 58. Qxh5+ Kg8 59. Qd1
Qxb6 60. Qa4 Qe3 61. Qc4+ Kh8 62. Qxd3 Qe1 63. Kh3 Bc8+ 64. g4 Qh1+ 65. Kg3 Qg1+
66. Rg2 Qe1+ 67. Kh2 Qxh4+ 68. Qh3 1-0

[Event "AUTO-ELITE-2550"]
[Site "http://www.queenalice.com/game.php?id=1842673"]
[Date "2024.8.28"]
[Round "1"]
[White "raulzampronha"]
[Black "Ahlkhanvio"]
[Result "0-1"]
[WhiteElo "2392"]
[BlackElo "2611"]

1. d4 d5 2. c4 dxc4 3. Nf3 Nf6 4. e3 Bg4 5. Bxc4 e6 6. Qb3 Bxf3 7. gxf3 c5 8.
Qxb7 Nbd7 9. dxc5 Bxc5 10. Nc3 O-O 11. Qb3 Rb8 12. Qc2 Qc7 13. Bb3 Ne5 14. Qe2
Qb7 15. e4 Nc6 16. Be3 Nd4 17. Bxd4 Bxd4 18. Rc1 Rfd8 19. O-O Nh5 20. Rfd1 Nf4
21. Qf1 Qe7 22. Ne2 Qg5+ 23. Kh1 Nxe2 24. Qxe2 Qf4 25. Qf1 Bxb2 26. Rb1 Qxf3+
27. Qg2 Rxd1+ 28. Rxd1 Qf4 29. f3 Be5 30. Rg1 Rd8 31. Qg3 Qf6 32. Qg2 g6 33. Rd1
Rc8 34. Qe2 Qf4 35. Rg1 Rc3 36. Rf1 h5 37. Kg1 h4 38. Kh1 h3 39. Kg1 Rd3 0-1

[Event "AUTO-ELITE-2550"]
[Site "http://www.queenalice.com/game.php?id=1842674"]
[Date "2024.8.28"]
[Round "1"]
[White "Ahlkhanvio"]
[Black "raulzampronha"]
[Result "1-0"]
[WhiteElo "2615"]
[BlackElo "2387"]

1. d4 Nf6 2. Bf4 g6 3. Nf3 Bg7 4. e3 O-O 5. Be2 d6 6. h3 c5 7. c3 b6 8. O-O Bb7
9. Nbd2 Nc6 10. a4 Re8 11. Bh2 Rc8 12. Re1 Qd7 13. Bf1 h6 14. Nc4 Qc7 15. d5 Na5
16. e4 Nxc4 17. Bxc4 Nd7 18. Nd2 Ne5 19. Bb5 Nd7 20. Nc4 Red8 21. a5 Ne5 22. a6
Ba8 23. Ne3 Rf8 24. f4 Nd7 25. Qd3 1-0

[Event "AUTO-ELITE-2540"]
[Site "http://www.queenalice.com/game.php?id=1843802"]
[Date "2024.9.16"]
[Round "2"]
[White "Ahlkhanvio"]
[Black "mestreRJ"]
[Result "1/2-1/2"]
[WhiteElo "2612"]
[BlackElo "2718"]

1. d4 Nf6 2. Bf4 d5 3. e3 c5 4. dxc5 Nc6 5. Bb5 e6 6. b4 a5 7. c3 Bd7 8. Qb3 Ne4
9. f3 Nf6 10. Ne2 Nh5 11. O-O Nxf4 12. Nxf4 g6 13. Nd2 Bh6 14. Rfe1 Qf6 15. a3
O-O 16. Bxc6 bxc6 17. Qb2 axb4 18. axb4 Rxa1 19. Qxa1 Qf5 20. Qb2 Rb8 21. Nf1
Bxf4 22. exf4 Qxf4 23. Nd2 Ra8 24. c4 Qb8 25. Rb1 Qf4 26. Re1 Qb8 27. Rb1 Qf4
28. Re1 Ra4 29. Rb1 Qe3+ 30. Kh1 Ra3 1/2-1/2

[Event "AUTO-ELITE-2554"]
[Site "http://www.queenalice.com/game.php?id=1844883"]
[Date "2024.10.7"]
[Round "1"]
[White "Ahlkhanvio"]
[Black "RaulSoft"]
[Result "1/2-1/2"]
[WhiteElo "2613"]
[BlackElo "2630"]

1. d4 d5 2. Bf4 c5 3. dxc5 Qa5+ 4. Nc3 Nf6 5. e4 dxe4 6. Qd2 Nc6 7. O-O-O e5 8.
Nb5 Qxd2+ 9. Bxd2 Rb8 10. Be3 Ng4 11. Nc7+ Ke7 12. Nd5+ Ke8 13. Nc7+ Ke7 14.
Nd5+ Ke8 15. Nc7+ Ke7 1/2-1/2

[Event "AUTO-ELITE-2554"]
[Site "http://www.queenalice.com/game.php?id=1844885"]
[Date "2024.10.7"]
[Round "1"]
[White "Ahlkhanvio"]
[Black "trompmaster"]
[Result "1/2-1/2"]
[WhiteElo "2614"]
[BlackElo "2417"]

1. d4 d6 2. e4 Nf6 3. f3 e5 4. d5 Be7 5. Be3 c6 6. c4 b5 7. Ne2 bxc4 8. Nec3 Bb7
9. Bxc4 Nbd7 10. dxc6 Bxc6 11. Bb3 Nb6 12. Qd3 O-O 13. Nd2 Bb7 14. O-O d5 15.
exd5 Nfxd5 16. Nxd5 1/2-1/2

[Event "AUTO-ELITE-2555"]
[Site "http://www.queenalice.com/game.php?id=1845047"]
[Date "2024.10.9"]
[Round "1"]
[White "Ahlkhanvio"]
[Black "Diemerlin"]
[Result "1-0"]
[WhiteElo "2610"]
[BlackElo "2337"]

1. d4 g6 2. e4 d6 3. Nc3 Nf6 4. Nf3 Bg7 5. h3 O-O 6. Be3 d5 7. exd5 Nxd5 8. Nxd5
Qxd5 9. Be2 Nc6 10. O-O e5 11. dxe5 Qxd1 12. Raxd1 Nxe5 13. Rfe1 1-0

[Event "AUTO-ELITE-2555"]
[Site "http://www.queenalice.com/game.php?id=1845050"]
[Date "2024.10.9"]
[Round "1"]
[White "raulzampronha"]
[Black "Ahlkhanvio"]
[Result "0-1"]
[WhiteElo "2292"]
[BlackElo "2613"]

1. d4 d5 2. c4 dxc4 3. Nf3 Nf6 4. e3 Bg4 5. Bxc4 e6 6. h3 Bh5 7. Nc3 a6 8. O-O
c5 9. dxc5 Qxd1 10. Rxd1 Bxf3 11. gxf3 Bxc5 12. e4 Nc6 13. Be3 Bxe3 14. fxe3 Ke7
15. Kf2 Rhd8 16. Rxd8 Rxd8 17. Rd1 Rxd1 18. Nxd1 Kd6 19. a3 Nd7 20. Ke2 b5 21.
Ba2 Kc5 22. Nf2 b4 23. Nd3+ Kb5 24. axb4 Nxb4 25. Nxb4 Kxb4 26. Kd3 Ne5+ 27. Ke2
Nc4 28. Bxc4 Kxc4 29. Kd2 Kb3 30. Kc1 g5 31. Kb1 h5 0-1